Agua de consumo ovino, variación de la concentración de sales en tanques australianos por efecto de la evaporación /

Guardado en:
Autor Principal: Battro, Pablo.
Formato: Libro
Idioma:Spanish
Publicado: Puerto Madryn : Centro Nacional Patagónico, 1984.
Series:Contribución ; nº 89
Acceso en línea:Texto completo
Etiquetas: Agregar Etiqueta
Sin Etiquetas, Sea el primero en etiquetar este registro!
LEADER 00726nam a22001695a 4500
001 EEA.libagro003601
005 20190527112122.0
008 130809s1984####ag#a##########000#0#spa#d
082 0 4 |a 636.30852 
100 1 |a Battro, Pablo. 
245 1 0 |a Agua de consumo ovino, variación de la concentración de sales en tanques australianos por efecto de la evaporación /  |c Pablo Battro. 
260 |a Puerto Madryn :  |b Centro Nacional Patagónico,  |c 1984. 
300 |a 10 p. :  |b il. ;  |c 29 cm. 
490 1 |a Contribución ;  |v nº 89 
530 |a Disponible también en línea. 
856 |u http://tango.cenpat-conicet.gob.ar/koha/contrib/0089B-AguaDeConsumoOvinoVariaci.pdf  |3 Texto completo 
859 |a AR-BbBCA  |b BIB. AGRONOMIA  |h 636.30852  |i B336  |p 1985/0838